La ira: pasión por la furia

Bewaard in:
Bibliografische gegevens
Hoofdauteur: Bodei, Remo (Auteur)
Formaat: Boek
Taal:Spaans
Gepubliceerd in: Madrid Machado Grupo de Distribución S. L 2013
Editie:1a. ed
Reeks:Pecados Capitales
Onderwerpen:
Tags: Voeg label toe
Geen labels, Wees de eerste die dit record labelt!

MARC

LEADER 00000cam a2200000 a 4500
001 UCE5991
003 CL-VaPUC
008 150319e20130000sp |||||||||||||||||spa|d
020 |a 9788477741534 
082 0 4 |a 616.8582  |b BOD  |2 21 
100 0 |a Bodei, Remo  |e author  |9 578661 
245 1 3 |a La ira: pasión por la furia 
250 |a 1a. ed 
300 |a 151 p 
942 |c BK 
945 |d 20150319 12:57:00  |a dcastane 
260 |a Madrid  |b Machado Grupo de Distribución S. L  |c 2013 
650 0 |a Comportamiento violento  |9 531008 
650 0 |a Aspectos psicológicos  |9 258128 
650 0 |a Hostilidad  |9 308223 
650 0 |a Ira  |9 317589 
650 0 |a Odio  |9 312818 
583 |a last modification  |c 20150319 12:57:00  |k Rodrigo Vera 
490 0 |a Pecados Capitales 
999 |c 358498  |d 358496 
952 |0 0  |1 0  |3 erb  |4 0  |6 616_858200000000000_BOD_2013  |7 0  |8 A  |9 467232  |a BIBART  |b BIBART  |i 514129K  |o 616.8582 BOD 2013  |p 514129K  |r 2025-03-13  |w 2019-11-23  |y BK  |z Catalogado en:20150319  |k ART